000 00510nam a2200157 i 4500
001 80418
003 ES-MaACL
005 20230906174218.0
007 t|
008 041028s1972 sp ||||1| spa d
110 2 _aHijas de Jesús.
_bCapítulo General Especial.
_tDocumentos capitulares (
_d1971.
_cRoma)
_94578
245 1 0 _aDocumentos capitulares
_b: Capítulo General Especial. Roma. Abril, 1971.
260 _aRoma :
_b[s.n.,
_c1972]
300 _a319 p. ;
_c18 cm.
852 _aES-MaACL
_jC-46027
_bR.80564
999 _c80418
_d80418